ბათუმის შოთა რუსთაველის სახელმწიფო უნივერსიტეტის ბიბლიოთეკა

Break no Bones (ბიბ.ჩანაწერი № 47339)

000 -LEADER
fixed length control field 00372nam a2200181Ia 4500
001 - CONTROL NUMBER
control field 14200
003 - CONTROL NUMBER IDENTIFIER
control field GE_BSU
008 - FIXED-LENGTH DATA ELEMENTS--GENERAL INFORMATION
fixed length control field 181216s||||||||xx |||||||||||||| ||und||
040 ## - CATALOGING SOURCE
Transcribing agency GE_BSU
080 ## - UNIVERSAL DECIMAL CLASSIFICATION NUMBER
Universal Decimal Classification number 821.111-3
100 ## - MAIN ENTRY--PERSONAL NAME
Personal name Reichs,Kathy
245 ## - TITLE STATEMENT
Title Break no Bones
260 ## - PUBLICATION, DISTRIBUTION, ETC.
Name of publisher, distributor, etc. BCA
260 ## - PUBLICATION, DISTRIBUTION, ETC.
Date of publication, distribution, etc. 2006
300 ## - PHYSICAL DESCRIPTION
Extent 337p.20cm.
653 ## - INDEX TERM--UNCONTROLLED
Uncontrolled term Break no Bones
942 ## - ADDED ENTRY ELEMENTS (KOHA)
Koha item type წიგნი
ეგზემპლარები
Withdrawn status Lost status Damaged status Not for loan Date acquired Barcode Date last seen Price effective from Koha item type
        2018-12-17 37242 2018-12-17 2018-12-17 წიგნი